Giáo trình tin học ứng dụng : Lập trình Linux

Uloženo v:
Podrobná bibliografie
Hlavní autor: Nguyễn, Phương Lan
Médium: Kniha
Jazyk:Undetermined
Vydáno: Hà Nội Lao động - Xã hội 2004
Témata:
Tagy: Přidat tag
Žádné tagy, Buďte první, kdo otaguje tento záznam!
Thư viện lưu trữ: Trung tâm Học liệu Trường Đại học Cần Thơ
LEADER 00630nam a2200205Ia 4500
001 CTU_64898
008 210402s9999 xx 000 0 und d
020 |c 78000 
082 |a 005.28 
082 |b L105/T.1 
100 |a Nguyễn, Phương Lan 
245 0 |a Giáo trình tin học ứng dụng : 
245 0 |b Lập trình Linux 
245 0 |c Nguyễn Phương Lan, Hoàng Đức hải 
260 |a Hà Nội 
260 |b Lao động - Xã hội 
260 |c 2004 
650 |a Linux ( computer programs ) 
904 |i TUYẾN,Hải 
980 |a Trung tâm Học liệu Trường Đại học Cần Thơ